Transfer rizika kreditnými derivátmi

Informácia o zámeroch a cieľoch dizertačnej práce, ktorej obhajoba sa konala 19. marca 2009.

Enregistré dans:
Détails bibliographiques
Auteur principal: Kaderová, Andrea
Format: Chapitre de livre
Langue:slovaque
Sujets:
Tags: Ajouter un tag
Pas de tags, Soyez le premier à ajouter un tag!

MARC

LEADER 00000naa$a2200000$$$4500
001 0107505
005 20240502072203.4
041 0 |a slo 
044 |a SK 
245 1 0 |a Transfer rizika kreditnými derivátmi  |c Andrea Kaderová 
520 |a Informácia o zámeroch a cieľoch dizertačnej práce, ktorej obhajoba sa konala 19. marca 2009. 
610 2 0 |a riziko úverové 
610 2 0 |a práce kvalifikačné 
610 2 0 |a deriváty 
100 1 |a Kaderová, Andrea